Statistiques concernant La France par images

Cliquez ici pour prendre le quiz!

Statistiques générales

  • Ce quiz a été pris 3,521 fois
    (3,520 depuis la dernière actualisation)
  • Le résultat moyen est 13 sur 18

Statistiques - réponses

Answer % Correct
Croissants
99%
Pain
97%
Seine
96%
Macarons
96%
Abbaye du {Mont-Saint-Michel}
94%
Louis de Funès
92%
Pyrénées
92%
Mont Blanc
90%
Renault
89%
Édith Piaf
86%
Château de {Chambord}
67%
Basilique du Sacré-Cœur
67%
Lyon
64%
Toulouse
62%
La Rochelle
54%
Peugeot {308}
45%
Basilique Notre-Dame de la Garde
42%
Georges Bizet
14%

Distribution des résultats

Percentile par nombre de réponses

% des personnes avec chaque résultat

Votre développement - résultats

Vous n’avez pas pris ce quiz depuis la dernière actualisation